Harry Potter Classes Quiz Stats

 Plays Quiz Updated Jan 18, 2012

     
Support Sporcle.
Go Orange.
Score 0/13 Timer 04:00
42 Plays Today
Professor Class % Correct
Professor Snape*Potions
97.5%
Professor Quirrell*Defense Against the Dark Arts
97.1%
Professor SproutHerbology
92%
Madam HoochFlying Lessons
86.5%
Hagrid*Care of Magical Creatures
84.5%
Professor FlitwickCharms
84.5%
Professor Trelawney*Divination
83.8%
Professor McGonagallTransfiguration
83.7%
Professor BinnsHistory of Magic
81.5%
Charity Burbage*Muggle Studies
63.4%
Professor SinistraAstronomy
53.2%
Bathsheba BabblingStudy of Ancient Runes
50.7%
Professor VectorArithmancy
43.7%

From the Vault

Pick the Word - 'E' Movies

by sproutcm

Movies 5m
Just remember that the letter "E" is like the most common letter.
Remove Ads.
Support Sporcle.
Get the best of Sporcle when you Go Orange. This ad-free experience offers more features, more stats, and more fun while also helping to support Sporcle. Thank you for becoming a member.

Show Comments

Extras

Top Quizzes Today


Score Distribution

Your Account Isn't Verified!

In order to create a playlist on Sporcle, you need to verify the email address you used during registration. Go to your Sporcle Settings to finish the process.

Report this User

Report this user for behavior that violates our Community Guidelines.

Details: